Краткия ирмолойнаго пения правила, (Запись № 10049539)

Подробности
000 -МАРКЕР
контрольное поле 02452nam0a22004211 4500
001 - ИДЕНТИФИКАТОР ЗАПИСИ
контрольное поле RU\NLR\A1DV\30141
005 - ИДЕНТИФИКАТОР ВЕРСИИ
контрольное поле 20260408063637.0
035 ## - ДРУГИЕ СИСТЕМНЫЕ НОМЕРА
Идентификатор записи (NLR Aleph) 010777257
100 ## - ДАННЫЕ ОБЩЕЙ ОБРАБОТКИ
Данные общей обработки 20010821d1801 a y0rusy50 ca
101 0# - ЯЗЫК РЕСУРСА
Язык текста, звукозаписи и т.д. русский
102 ## - СТРАНА ПУБЛИКАЦИИ ИЛИ ПРОИЗВОДСТВА
Страна публикации российская федерация
140 ## - ПОЛЕ КОДИРОВАННЫХ ДАННЫХ: СТАРОПЕЧАТНЫЕ ИЗДАНИЯ - ОБЩАЯ ИНФОРМАЦИЯ
Кодированные данные о старопечатном издании - Основные am y eaakc yaa0000
200 1# - ЗАГЛАВИЕ И СВЕДЕНИЯ ОБ ОТВЕТСТВЕННОСТИ
Основное заглавие Краткия ирмолойнаго пения правила,
Сведения, относящиеся к заглавию для священно-и-церьковнослужительских детей, Курской епархии в домех и в семинарии обучающихся
205 ## - СВЕДЕНИЯ ОБ ИЗДАНИИ
Сведения об издании Издание второе
Сведения об ответственности, относящиеся к изданию исправленное и умноженное, епископом Феоктистом курским и белоградским и кавалером
210 ## - ПУБЛИКАЦИЯ, РАСПРОСТРАНЕНИЕ И ДР.
Место издания, распространения и т.д. Москва
Имя издателя, распространителя и т. д. в Губернской типографии у А.Решетникова
Дата издания, распространения и т.д. 1801
215 ## - ФИЗИЧЕСКАЯ ХАРАКТЕРИСТИКА
Специфическое обозначение материала и объем 1-14, [4], 15-31, [1] с.
Другие сведения о физической характеристике ил., нот.
Размеры
300 ## - ОБЩИЕ ПРИМЕЧАНИЯ
Текст примечания Ценз.: Моск. ценз.
300 ## - ОБЩИЕ ПРИМЕЧАНИЯ
Текст примечания На с.3-6 посвящ. авт. "Дар малолетным, Курской епархии священно-и-церьковно-служительским детям" с подписью: Феоктист епископ курский и белоградский. 1801 года, маия 1 дня. Белгород
300 ## - ОБЩИЕ ПРИМЕЧАНИЯ
Текст примечания На с.7-9 предисл.
300 ## - ОБЩИЕ ПРИМЕЧАНИЯ
Текст примечания Имеются подстроч. примеч.
300 ## - ОБЩИЕ ПРИМЕЧАНИЯ
Текст примечания Ил.: мнемоническое изображение руки для запоминания расположения нот.
300 ## - ОБЩИЕ ПРИМЕЧАНИЯ
Текст примечания Резц. грав.
321 1# - ПРИМЕЧАНИЯ ОБ ОТДЕЛЬНО ИЗДАННЫХ УКАЗАТЕЛЯХ / РЕФЕРАТАХ / ССЫЛКАХ, ОТРАЖАЮЩИХ КАТАЛОГИЗИРУЕМЫЙ ДОКУМЕНТ
Примечания об указателях, рефератах, ссылках Смирд. 5389
321 1# - ПРИМЕЧАНИЯ ОБ ОТДЕЛЬНО ИЗДАННЫХ УКАЗАТЕЛЯХ / РЕФЕРАТАХ / ССЫЛКАХ, ОТРАЖАЮЩИХ КАТАЛОГИЗИРУЕМЫЙ ДОКУМЕНТ
Примечания об указателях, рефератах, ссылках Соп. 8805
321 1# - ПРИМЕЧАНИЯ ОБ ОТДЕЛЬНО ИЗДАННЫХ УКАЗАТЕЛЯХ / РЕФЕРАТАХ / ССЫЛКАХ, ОТРАЖАЮЩИХ КАТАЛОГИЗИРУЕМЫЙ ДОКУМЕНТ
Примечания об указателях, рефератах, ссылках Филарет 2, с.162
518 1# - ЗАГЛАВИЕ В СТАНДАРТНОМ СОВРЕМЕННОМ ПРАВОПИСАНИИ
Основное заглавие, вариант заглавия или унифицированное заглавие Краткие ирмолойного пения правила
620 ## - МЕСТО И ДАТА ПУБЛИКАЦИИ, ИСПОЛНЕНИЯ И Т. Д.
Город Москва
700 #0 - ИМЯ ЛИЦА - ПЕРВИЧНАЯ ОТВЕТСТВЕННОСТЬ
Код отношения Автор
Материалы, к которым относится поле rus
Графика поля Кириллица
Начальный элемент ввода Феоктист
Дополнения к именам, кроме дат Мочульский, Иван
-- архиепископ Курский и Белгородский
Даты 1729-1818
Идентификатор авторитетной/нормативной записи RU\NLR\AUTH\7791319
Системный номер авторитетной/нормативной записи 74246
702 #1 - ИМЯ ЛИЦА - ВТОРИЧНАЯ ОТВЕТСТВЕННОСТЬ
Код отношения Печатник (типограф)
Материалы, к которым относится поле rus
Графика поля Кириллица
Начальный элемент ввода Решетников
Часть имени, кроме начального элемента ввода А. Г.
Дополнения к именам, кроме дат издатель
Даты 18 в.-19 в.
Расширение инициалов личного имени Андрей Гордеевич
Идентификатор авторитетной/нормативной записи RU\NLR\AUTH\77104105
Системный номер авторитетной/нормативной записи 87030
712 00 - НАИМЕНОВАНИЕ ОРГАНИЗАЦИИ - ВТОРИЧНАЯ ОТВЕТСТВЕННОСТЬ
Код отношения Печатник (типограф)
Начальный элемент ввода Решетников,
Инверсированный элемент А. Г.,
Часть наименования, отличная от начального элемента ввода и от инверсированного элемента типография
Идентифицирующий признак Москва
Идентификатор авторитетной/нормативной записи RU\NLR\AUTH\8810035690
Системный номер авторитетной/нормативной записи 569802
801 #0 - ИСТОЧНИК ЗАПИСИ
Страна российская федерация
Организация NLR
Дата составления 20010821
852 ## - МЕСТОНАХОЖДЕНИЕ И ШИФР ХРАНЕНИЯ
Идентификатор организации NLR
Шифр хранения (Call Number) 18.128.3.115
852 ## - МЕСТОНАХОЖДЕНИЕ И ШИФР ХРАНЕНИЯ
Идентификатор организации NLR
Шифр хранения (Call Number) 139/440
942 ## - ДОПОЛНИТЕЛЬНЫЕ ЭЛЕМЕНТЫ ЗАПИСИ (АБИС)
Тип экземпляра АБИС Книга
980 ## - КОЛЛЕКЦИЯ
Название коллекции Национальная библиография
980 ## - КОЛЛЕКЦИЯ
Название коллекции 19 век (1-я четв.)
Экземпляры
Тип экземпляра Дата поступления Библиотека постоянного хранения Библиотека текущего хранения Место хранения Шифр хранения Штрих-код Статус не для выдачи
Книга 13.05.2016 РНБ (Садовая) РНБ (Садовая) Русский книжный фонд -Главное здание, Ленинский читальный зал 18.128.3.115 1-3987442